| 000 | 01047nam a2200301 c 4500 | ||
|---|---|---|---|
| 999 |
_c168133 _d168133 |
||
| 003 | BLK | ||
| 005 | 20220217143933.0 | ||
| 008 | 180411b bul|||||r ||||||| ||bul|| | ||
| 010 | _aKNG00176004000 | ||
| 040 | _aBLK | ||
| 041 |
_aBUL _cBUL |
||
| 072 | 7 |
_2bullib _aК _xКраезнание |
|
| 080 |
_aБългарска литература _b821.163.2 _x-1 _z821.163.2-1 |
||
| 100 | 1 |
_aТрендафилов, Йордан _eпърви автор _9337740 |
|
| 139 |
_aТрендафилов, Йордан _bТ 82 |
||
| 245 | 1 | 0 |
_aНеобмислени мисли _bСтихове : Най-хубавото от Йордан Трендафилов _cЙордан Трендафилов. |
| 257 | _aBGR | ||
| 260 | _c1963 | ||
| 300 |
_a65 л. _c20 см |
||
| 380 | _aX | ||
| 500 | _aМашинопис | ||
| 659 | _aК | ||
| 852 | _aЦб 158150 | ||
| 852 | _aК 821.163.2/Т 82 | ||
| 856 | 4 | _qpdf | |
| 856 | 4 | _qpdf | |
| 942 |
_cKNG _n0 _s1 |
||
| 944 |
_aCR _c29.05.2015 _kВаля_Йорданова |
||
| 944 |
_aED _c29.05.2015 _kВаля_Йорданова |
||
| 999 | _d168133 | ||